000 00271nam a2200097 4500
999 _c525300
_d525300
082 _aI5135x5444 AR/6
100 _aGovernment of Karnataka
_937700
245 _a6th Report of the karnataka administrative reforms commision-two
260 _aBengaluru
_c2023
300 _a254p.